Computer fundamentals and operating systems / (Record no. 133089)

MARC details
000 -LEADER
fixed length control field 00745nam a22002417a 4500
005 - DATE AND TIME OF LATEST TRANSACTION
control field 20181218120722.0
010 ## - LCCN (DPL NO)
LC control number B-108351,B-108384
020 ## - INTERNATIONAL STANDARD BOOK NUMBER
Terms of availability 110.00
International Standard Book Number 8188153009
035 ## - SYSTEM CONTROL NUMBER
System control number B-108351,B-108384, B-108385
037 ## - SOURCE OF ACQUISITION
Source of stock number/acquisition Cen Lib/Ret
082 ## - DEWEY DECIMAL CLASSIFICATION NUMBER
Classification number 005.43
Item number GUP
100 ## - MAIN ENTRY--PERSONAL NAME
Personal name Gupta, Rajeev
245 ## - TITLE STATEMENT
Title Computer fundamentals and operating systems /
Statement of responsibility, etc by Rajeev Gupta
250 ## - EDITION STATEMENT
Edition statement rev. ed
260 ## - PUBLICATION, DISTRIBUTION, ETC. (IMPRINT)
Place of publication, distribution, etc New Delhi
Name of publisher, distributor, etc Nipun Publications
Date of publication, distribution, etc 2005
270 ## - ADDRESS
City New Delhi
Address WZ-616, 617 near hanuman mandir, sri nagar, rani bagh
Postal code 110034
300 ## - PHYSICAL DESCRIPTION
Extent 240p.
Dimensions 21cm(Hb)
500 ## - GENERAL NOTE
General note Includes glossary
650 ## - SUBJECT ADDED ENTRY--TOPICAL TERM
Topical term or geographic name as entry element Computer science
650 ## - SUBJECT ADDED ENTRY--TOPICAL TERM
Topical term or geographic name as entry element Operating systems
942 ## - ADDED ENTRY ELEMENTS (KOHA)
Source of classification or shelving scheme Dewey Decimal Classification
Item type English Books
Classification part 005.43
Call number suffix GUP
Holdings
Withdrawn status Lost status Not for loan Home library Current library Date acquired Source of acquisition Cost, normal purchase price Full call number Barcode Copy number Cost, replacement price Koha item type Collection code
      Central Library Central Library 24/07/2015 Cen Lib/Ret 110.00 005.43 GUP B-108351 1 110.00 English Books  
      Sarojini Nagar Sarojini Nagar 27/05/2019     005.43 GUP B-108394     English Books Non-fiction
      Vigyan Vihar Vigyan Vihar 24/11/2018 BPPD/PUB 110.00 005.43 GUP B-108385   110.00 English Books Non-fiction
      Yojana Vihar Yojana Vihar 26/10/2018 BPPD/PUB 110.00 005.43 GUP B-108384   110.00 English Books Non-fiction

© Delhi Public Library
Hit Counter
free hit counter